000 00580nam a2200181 i 4500
001 83469
003 ES-MaACL
005 20230906174831.0
007 t|
008 041117s1968 sp ||||1| spa d
245 0 0 _aIntervenciones sobre la pared abdominal y el tubo digestivo /
_cpor Jean Quénu... [et al.] ; versión de A. Jornet Cases.
250 _a[1ª ed.].
260 _aBarcelona :
_bToray Masson,
_c[1968]
300 _aXXIII, 1227 p. :
_bil. ;
_c25 cm.
700 1 _aQuenu, Jean.
_994523
700 1 _aJornet Cases, A.
_966960
852 _aES-MaACL
_jC-34905
_bR.67133
999 _c83469
_d83469